| 000 | 00836cam a2200181 4500 | ||
|---|---|---|---|
| 082 |
_a523.1 _b BER _cL-1 P-6 |
||
| 245 | 1 | 0 |
_aNew handbook of the heavens, _cby Hubert J. Bernhard, Dorothy A. Bennett, A. B. [and] Huge S. Rice, A. M. ... |
| 260 |
_aNew York, _aLondon, _bWhittlesey house, _bMcGraw-Hill book company, inc. _c[c1941] |
||
| 300 |
_axi, 299 p. _bincl. front., illus., diagrs. _c24 cm. |
||
| 500 | _a"An entirely rewritten and greatly enlarged version of Handbook of the heavens... the various chapters [of which] were written by individual members of the Junior astronomy club."--Pref. | ||
| 526 |
_a0 _b0 _c0 _d523_100000000000000_BER |
||
| 650 | 0 | _aAstronomy | |
| 650 | 0 |
_aMCE _9379 |
|
| 700 | 1 |
_aBennett, Dorothy A. _939565 |
|
| 700 | 1 |
_aBernhard, Hubert J. _939566 |
|
| 710 | 2 |
_aHayden Planetarium. _939567 |
|
| 942 |
_2ddc _cBK |
||
| 999 |
_c544029 _d544029 |
||